000 00826nam a22002177a 4500
999 _c1625
_d1625
003 AR-CdUCM
008 190227b ||||| |||| 00| 0 spa d
040 _aMUNICIPALIDAD PROVINCIAL DEL CUSCO
_cBIBLIOTECA MUNICIPAL DEL CUSCO
082 _a869.708 /
_bB61
100 _aBlanco, Eduardo
_96068
245 _aVenezuela Heroica /
_cEduardo Blanco
260 _aLima :
_bEdiciones del nuevo mundo,
_c1977.
300 _a191 paginas ;
_c17 cm.
505 _aContenido: t.1 -- la casa fuerte -- San Félix -- Matasiete -- Boyaca -- Carabobo. t.1 -- La victoria -- san Mateo -- Sitio de valencia -- Maturin -- La invación de los seiscientos.
650 _aHistoria
_9136
650 _aVenezuela
_92312
650 _aEmancipación
_9260
700 _aBonilla Amado, José
_96069
942 _2ddc
_cLIBROS
945 _aacv
_d2019-02-27